[Event "Romanian-ch Women 2022"]
[Site "Eforie Nord"]
[Date "2022.02.21"]
[Round "2.6"]
[White "Hoanca, Alexia-Ioana"]
[Black "Ionescu, Irina"]
[Result "1-0"]
[WhiteElo "1710"]
[BlackElo "2131"]
[Annotator "ChessBase"]
[PlyCount "77"]
[EventDate "2022.02.20"]
[EventType "swiss"]
[EventCountry "ROU"]
[SourceTitle "playchess.com"]
[Source "ChessBase"]
[SourceQuality "1"]
[TimeControl "40/5400+30:900+30"]

1. e4 {[%emt 0:00:02]} d6 {[%emt 0:00:38]} 2. d4 {[%emt 0:00:21]} Nf6 {[%emt 0:00:05]} 3. Nc3 {[%emt 0:00:09]} g6 {[%emt 0:00:15]} 4. h3 {[%emt 0:00:34]} Bg7 {[%emt 0:00:47]} 5. Be3 {[%emt 0:00:25]} c6 {[%emt 0:00:55]} 6. a4 {[%emt 0:00:08]} a5 {[%emt 0:07:07]} 7. g4 {[%emt 0:00:57]} Na6 {[%emt 0:01:48]} 8. Bg2 {[%emt 0:01:30]} Qc7 {[%emt 0:02:03]} 9. Nge2 {[%emt 0:00:40]} e5 {[%emt 0:01:04]} 10. O-O {[%emt 0:00:28]} Bd7 {[%emt 0:07:05]} 11. Qd2 {[%emt 0:04:05]} O-O-O {[%emt 0:04:15]} 12. d5 {[%emt 0:11:57]} Nc5 {[%emt 0:04:31]} 13. dxc6 {[%emt 0:01:39]} Bxc6 {[%emt 0:01:28]} 14. f3 {[%emt 0:15:28]} b6 {[%emt 0:07:28]} 15. Nd5 {[%emt 0:08:10]} Nxd5 {[%emt 0:10:29]} 16. exd5 {[%emt 0:00:10]} Bb7 {[%emt 0:00:23]} 17. b4 {[%emt 0:11:08]} axb4 {[%emt 0:00:47]} 18. Qxb4 {[%emt 0:00:31]} Ba6 {[%emt 0:21:14]} 19. a5 {[%emt 0:08:29]} b5 {[%emt 0:10:32]} 20. Ra3 {[%emt 0:14:27]} Kd7 {[%emt 0:02:08]} 21. f4 {[%emt 0:03:10]} e4 {[%emt 0:03:04]} 22. f5 {[%emt 0:01:08]} f6 {[%emt 0:01:26]} 23. Nd4 {[%emt 0:02:51]} Qb7 {[%emt 0:03:55]} 24. Ne6 {[%emt 0:01:49]} Nxe6 {[%emt 0:00:49]} 25. fxe6+ {[%emt 0:00:36]} Ke7 {[%emt 0:01:37]} 26. Bxe4 {[%emt 0:03:20]} Rc8 {[%emt 0:00:14]} 27. Bf4 {[%emt 0:01:34]} Rhd8 {[%emt 0:00:21]} 28. Rff3 {[%emt 0:01:44]} Rc4 {[%emt 0:01:14]} 29. Qe1 {[%emt 0:00:44]} b4 {[%emt 0:02:15]} 30. Rae3 {[%emt 0:01:50]} Qa7 {[%emt 0:02:15]} 31. Kg2 {[%emt 0:01:01]} Rdc8 {[%emt 0:00:01]} 32. Bd3 {[%emt 0:00:54]} Rc3 {[%emt 0:01:27]} 33. Bxd6+ {[%emt 0:00:53]} Kxd6 {[%emt 0:00:05]} 34. e7 {[%emt 0:00:07]} Bxd3 {[%emt 0:01:16]} 35. e8=Q {[%emt 0:00:36]} Rxe8 {[%emt 0:00:17]} 36. Rxe8 {[%emt 0:00:08]} Rxc2+ {[%emt 0:01:01]} 37. Kg3 {[%emt 0:00:26]} Re2 {[%emt 0:00:55]} 38. Qxb4+ {[%emt 0:00:32]} Kxd5 {[%emt 0:00:08]} 39. Rxd3+ {[%emt 0:00:15]} 1-0

[Event "Romanian-ch Women 2022"]
[Site "Eforie Nord"]
[Date "2022.02.21"]
[Round "2.7"]
[White "Czika, Stefania"]
[Black "Lehaci, Miruna-Daria"]
[Result "0-1"]
[WhiteElo "1259"]
[BlackElo "2125"]
[Annotator "ChessBase"]
[PlyCount "40"]
[EventDate "2022.02.20"]
[EventType "swiss"]
[EventCountry "ROU"]
[SourceTitle "playchess.com"]
[Source "ChessBase"]
[SourceQuality "1"]
[TimeControl "40/5400+30:900+30"]

1. d4 {[%emt 0:00:08]} e6 {[%emt 0:00:05]} 2. c4 {[%emt 0:00:14]} Nf6 {[%emt 0:00:05]} 3. Nc3 {[%emt 0:00:26]} Bb4 {[%emt 0:00:04]} 4. Nf3 {[%emt 0:01:03]} c5 {[%emt 0:00:28]} 5. e3 {[%emt 0:05:01]} O-O {[%emt 0:00:24]} 6. Bd3 {[%emt 0:00:55]} b6 {[%emt 0:01:23]} 7. O-O {[%emt 0:03:13]} Bb7 {[%emt 0:01:52]} 8. Bd2 {[%emt 0:09:54]} cxd4 {[%emt 0:08:07]} 9. exd4 {[%emt 0:01:41]} Be7 {[%emt 0:02:54]} 10. Qe2 {[%emt 0:07:03]} Na6 {[%emt 0:04:31]} 11. Ne4 {[%emt 0:07:51]} Nc7 {[%emt 0:04:22]} 12. Bg5 {[%emt 0:06:12]} Nce8 {[%emt 0:11:51]} 13. Ne5 {[%emt 0:11:06]} d6 {[%emt 0:07:52]} 14. Ng4 {[%emt 0:05:27]} Nxg4 {[%emt 0:09:50]} 15. Bxe7 {[%emt 0:22:04]} Qxe7 {[%emt 0:00:07]} 16. h3 {[%emt 0:02:03]} Ngf6 {[%emt 0:00:00]} 17. Rac1 {[%emt 0:04:18]} Nxe4 {[%emt 0:00:08]} 18. Bxe4 {[%emt 0:00:16]} Bxe4 {[%emt 0:00:04]} 19. Qxe4 {[%emt 0:00:13]} Nf6 {[%emt 0:00:04]} 20. Rfe1 {[%emt 0:02:12]} Nxe4 {[%emt 0:00:05]} 0-1

[Event "Romanian-ch Women 2022"]
[Site "Eforie Nord"]
[Date "2022.02.21"]
[Round "2.8"]
[White "Peptan, Corina-Isabela"]
[Black "Petculescu, Diana-Silvana"]
[Result "1-0"]
[WhiteElo "2384"]
[BlackElo "1402"]
[Annotator "ChessBase"]
[PlyCount "43"]
[EventDate "2022.02.20"]
[EventType "swiss"]
[EventCountry "ROU"]
[SourceTitle "playchess.com"]
[Source "ChessBase"]
[SourceQuality "1"]
[TimeControl "40/5400+30:900+30"]

1. d4 {[%emt 1:31:00]} Nf6 {[%emt 1:31:00]} 2. c4 {[%emt 0:00:30]} e6 {[%emt 0:00:30]} 3. Nf3 {[%emt 0:00:30]} b6 {[%emt 0:00:30]} 4. Nc3 {[%emt 0:00:30]} Bb4 {[%emt 0:00:30]} 5. Bd2 {[%emt 0:00:30]} O-O {[%emt 0:00:30]} 6. e3 {[%emt 0:00:30]} Bb7 {[%emt 0:00:30]} 7. Be2 {[%emt 0:00:30]} d5 {[%emt 0:00:30]} 8. a3 {[%emt 0:00:30]} Be7 {[%emt 0:00:30]} 9. cxd5 Nxd5 {[%emt 0:00:30]} 10. O-O {[%emt 0:01:00]} Nd7 {[%emt 0:00:30]} 11. Qc2 {[%emt 0:00:30]} c5 {[%emt 0:00:30]} 12. Rac1 {[%emt 0:00:30]} Rc8 {[%emt 0:00:30]} 13. Nxd5 {[%emt 0:00:30]} Bxd5 14. Ba6 {[%emt 0:00:30]} Rb8 {[%emt 0:01:00]} 15. e4 Bb7 {[%emt 0:00:30]} 16. Bxb7 {[%emt 0:01:00]} Rxb7 {[%emt 0:00:30]} 17. Bf4 {[%emt 0:00:30]} cxd4 {[%emt 0:00:30]} 18. Nxd4 {[%emt 0:00:30]} Nc5 {[%emt 0:00:30]} 19. Rfd1 {[%emt 0:00:30]} Qe8 {[%emt 0:00:30]} 20. b4 {[%emt 0:00:30]} Qa4 {[%emt 0:00:30]} 21. bxc5 {[%emt 0:00:30]} Qxa3 {[%emt 0:00:30]} 22. c6 {[%emt 0:00:30]} 1-0

[Event "Romanian-ch Women 2022"]
[Site "Eforie Nord"]
[Date "2022.02.21"]
[Round "2.9"]
[White "Trifoi, Mihaela-Ioana"]
[Black "Lolici, Iselin-Amanda"]
[Result "1-0"]
[WhiteElo "1893"]
[BlackElo "1907"]
[Annotator "ChessBase"]
[PlyCount "69"]
[EventDate "2022.02.20"]
[EventType "swiss"]
[EventCountry "ROU"]
[SourceTitle "playchess.com"]
[Source "ChessBase"]
[SourceQuality "1"]
[TimeControl "40/5400+30:900+30"]

1. e4 {[%emt 0:00:03]} c5 {[%emt 0:10:34]} 2. Nf3 {[%emt 0:00:14]} Nc6 {[%emt 0:00:23]} 3. Bb5 {[%emt 0:01:03]} Qb6 {[%emt 0:00:15]} 4. Ba4 {[%emt 0:07:25]} e6 {[%emt 0:00:38]} 5. c3 {[%emt 0:00:56]} Nge7 {[%emt 0:03:41]} 6. O-O {[%emt 0:03:18]} d5 {[%emt 0:09:26]} 7. e5 {[%emt 0:03:32]} d4 {[%emt 0:01:06]} 8. Na3 {[%emt 0:03:35]} Nf5 {[%emt 0:05:45]} 9. Bc2 {[%emt 0:02:48]} Be7 {[%emt 0:02:27]} 10. Be4 {[%emt 0:04:18]} O-O {[%emt 0:03:07]} 11. d3 {[%emt 0:00:22]} a6 {[%emt 0:08:51]} 12. Nc4 {[%emt 0:00:48]} Qc7 {[%emt 0:00:33]} 13. a4 {[%emt 0:00:21]} Na5 {[%emt 0:08:38]} 14. Nxa5 {[%emt 0:08:57]} Qxa5 {[%emt 0:00:15]} 15. Bd2 {[%emt 0:00:54]} Qb6 {[%emt 0:04:23]} 16. Ra2 {[%emt 0:06:26]} Bd7 {[%emt 0:02:02]} 17. g4 {[%emt 0:02:08]} Nh6 {[%emt 0:08:48]} 18. Ng5 {[%emt 0:00:41]} Bc6 {[%emt 0:05:57]} 19. Bxh7+ {[%emt 0:02:26]} Kh8 {[%emt 0:00:07]} 20. Be4 {[%emt 0:00:18]} Bxe4 {[%emt 0:04:49]} 21. Nxe4 {[%emt 0:00:28]} Qc7 {[%emt 0:03:55]} 22. f4 {[%emt 0:00:48]} Rad8 {[%emt 0:01:22]} 23. c4 {[%emt 0:04:47]} Rb8 {[%emt 0:05:43]} 24. Rf3 {[%emt 0:01:22]} Nxg4 {[%emt 0:04:28]} 25. Rh3+ {[%emt 0:00:07]} Nh6 {[%emt 0:00:05]} 26. Qh5 {[%emt 0:00:21]} f5 {[%emt 0:00:56]} 27. exf6 {[%emt 0:02:30]} Bxf6 {[%emt 0:00:45]} 28. f5 {[%emt 0:02:51]} Qf7 {[%emt 0:00:47]} 29. Bxh6 {[%emt 0:00:19]} Qxh5 {[%emt 0:00:20]} 30. Rxh5 {[%emt 0:00:16]} gxh6 {[%emt 0:01:01]} 31. Rxh6+ {[%emt 0:00:11]} Kg7 {[%emt 0:00:14]} 32. Rg6+ {[%emt 0:00:07]} Kf7 {[%emt 0:02:23]} 33. Rxf6+ {[%emt 0:00:34]} Kg7 {[%emt 0:00:42]} 34. Rxf8 {[%emt 0:00:25]} Kxf8 {[%emt 0:00:39]} 35. fxe6 {[%emt 0:00:05]} 1-0

[Event "Romanian-ch Women 2022"]
[Site "Eforie Nord"]
[Date "2022.02.21"]
[Round "2.10"]
[White "Criveanu, Maria"]
[Black "Panainte, Andreea-Bianca"]
[Result "0-1"]
[WhiteElo "1503"]
[BlackElo "1865"]
[Annotator "NA"]
[PlyCount "66"]
[EventDate "2022.02.20"]
[EventType "swiss"]
[EventCountry "ROU"]
[SourceTitle "playchess.com"]
[Source "ChessBase"]
[SourceQuality "1"]
[TimeControl "40/5400+30:900+30"]

{[%evp 8,62,0,4,32767,32767,32767,6,32767,32767,32767,32767,32767,32767,32767,32767,32767,32767,32767,32767,32767,32767,32767,-629,-516,-614,-481,-470,-472,32767,32767,-600,-639,-632,-657,-770,-816,32767,32767,32767,-675,-702,-684,32767,32767,-675,32767,32767,-806,-727,-875,-1043,-1187,-974,-1559,-902,-1272]} 1. e4 {[%emt 0:00:30]} e6 {[%emt 0:01:38]} 2. d4 {[%emt 0:00:00]} d5 {[%emt 0:00:06]} 3. e5 {[%emt 0:00:00]} c5 {[%emt 0:00:06]} 4. c3 {[%emt 0:00:00]} Nc6 {[%emt 0:00:15]} 5. Nf3 {[%emt 0:00:07]} Qb6 {[%emt 0:00:45]} 6. Be2 {[%emt 0:00:46]} Bd7 {[%emt 0:00:59]} 7. a3 {[%emt 0:01:42]} Nh6 {[%emt 0:01:58]} 8. Bxh6 {[%emt 0:02:32]} gxh6 {[%emt 0:02:35]} 9. Qd2 {[%emt 0:00:28]} Na5 {[%emt 0:01:46]} 10. dxc5 {[%emt 0:14:28]} Bxc5 {[%emt 0:01:58]} 11. b4 {[%emt 0:01:32]} Bxf2+ {[%emt 0:00:29]} 12. Kf1 {[%emt 0:00:12]} Nb3 {[%emt 0:01:25]} 13. Qb2 {[%emt 0:04:28]} Nxa1 {[%emt 0:00:32]} 14. Qxa1 {[%emt 0:00:14]} Be3 {[%emt 0:01:07]} 15. Nd4 {[%emt 0:02:55]} (15. c4 $142) 15... Rc8 {[%emt 0:01:05]} 16. Qb2 {[%emt 0:01:21]} Qc7 {[%emt 0:05:09]} 17. Nf3 {[%emt 0:04:34]} Bf4 {[%emt 0:00:12]} 18. c4 {[%emt 0:02:58]} dxc4 {[%emt 0:00:27]} 19. Qc3 {[%emt 0:01:28]} Bc6 {[%emt 0:04:55]} 20. Nbd2 {[%emt 0:02:35]} b5 {[%emt 0:02:12]} 21. g3 {[%emt 0:02:18]} Bxd2 {[%emt 0:06:12]} 22. Qxd2 {[%emt 0:00:17]} Bxf3 {[%emt 0:00:11]} 23. Bxf3 {[%emt 0:00:12]} Qxe5 {[%emt 0:00:21]} 24. Kg2 {[%emt 0:00:59]} O-O {[%emt 0:07:34]} 25. Re1 {[%emt 0:03:00]} Qg5 {[%emt 0:00:13]} 26. Qc3 {[%emt 0:03:39]} Rfd8 {[%emt 0:00:16]} 27. Re3 {[%emt 0:03:41]} Rd6 {[%emt 0:01:50]} 28. h4 {[%emt 0:00:48]} Qg7 {[%emt 0:00:37]} 29. Qc1 {[%emt 0:00:29]} Rcd8 {[%emt 0:00:13]} 30. Re4 {[%emt 0:01:36]} Rd2+ {[%emt 0:02:01]} ({And not} 30... Rd3 31. Rg4 Rd2+ 32. Kh3 $11) 31. Kh3 {[%emt 0:01:28]} Qb2 $19 {[%emt 0:01:19]} ({Weaker is} 31... R8d3 32. Rg4 $17) 32. Qe1 {[%emt 0:02:25]} Rh2+ {[%emt 0:00:13]} 33. Kg4 {[%emt 0:00:16]} f5+ {[%emt 0:00:49]} 0-1

[Event "Romanian-ch Women 2022"]
[Site "Eforie Nord"]
[Date "2022.02.21"]
[Round "2.11"]
[White "Cosman, Andreea-Marioara"]
[Black "Maria, Lia-Alexandra"]
[Result "1-0"]
[WhiteElo "2127"]
[BlackElo "1832"]
[Annotator "ChessBase"]
[PlyCount "97"]
[EventDate "2022.02.20"]
[EventType "swiss"]
[EventCountry "ROU"]
[SourceTitle "playchess.com"]
[Source "ChessBase"]
[SourceQuality "1"]
[TimeControl "40/5400+30:900+30"]

1. d4 {[%emt 0:00:04]} d5 {[%emt 0:00:05]} 2. Nf3 {[%emt 0:00:45]} Nf6 {[%emt 0:00:41]} 3. g3 {[%emt 0:00:25]} Bf5 {[%emt 0:07:50]} 4. Bg2 {[%emt 0:00:21]} e6 {[%emt 0:00:36]} 5. c4 {[%emt 0:00:30]} c6 {[%emt 0:01:00]} 6. O-O {[%emt 0:00:16]} Nbd7 {[%emt 0:01:06]} 7. b3 {[%emt 0:00:13]} Bd6 {[%emt 0:00:54]} 8. Bb2 {[%emt 0:00:31]} O-O {[%emt 0:00:25]} 9. Nc3 {[%emt 0:00:13]} Re8 {[%emt 0:01:01]} 10. Nh4 {[%emt 0:14:02]} Bg4 {[%emt 0:01:08]} 11. Qc2 {[%emt 0:01:48]} e5 {[%emt 0:07:55]} 12. dxe5 {[%emt 0:06:16]} Bxe5 {[%emt 0:00:54]} 13. cxd5 {[%emt 0:10:48]} cxd5 {[%emt 0:04:32]} 14. Nf3 {[%emt 0:08:38]} Bd6 {[%emt 0:08:15]} 15. Rad1 {[%emt 0:01:43]} Rc8 {[%emt 0:01:14]} 16. Qb1 {[%emt 0:05:43]} Qa5 {[%emt 0:02:49]} 17. Qa1 {[%emt 0:12:05]} Nb6 {[%emt 0:06:08]} 18. h3 {[%emt 0:09:44]} Bh5 {[%emt 0:01:03]} 19. Nd4 {[%emt 0:00:48]} Bb4 {[%emt 0:01:45]} 20. Rc1 {[%emt 0:00:57]} Nbd7 {[%emt 0:05:44]} 21. a3 {[%emt 0:03:45]} Bd6 {[%emt 0:01:00]} 22. b4 {[%emt 0:03:11]} Qb6 {[%emt 0:01:10]} 23. Nxd5 {[%emt 0:02:11]} Nxd5 {[%emt 0:01:11]} 24. Rxc8 {[%emt 0:01:33]} Rxc8 {[%emt 0:00:09]} 25. Bxd5 {[%emt 0:00:04]} Nf6 {[%emt 0:00:35]} 26. Bg2 {[%emt 0:01:40]} Re8 {[%emt 0:00:33]} 27. e3 {[%emt 0:02:23]} Bg6 {[%emt 0:00:33]} 28. Nf3 {[%emt 0:02:30]} Ne4 {[%emt 0:04:26]} 29. Bd4 {[%emt 0:01:02]} Qd8 {[%emt 0:03:25]} 30. Bxg7 {[%emt 0:00:50]} f6 {[%emt 0:00:34]} 31. Bh6 {[%emt 0:00:14]} a5 {[%emt 0:01:29]} 32. Qd4 {[%emt 0:03:12]} axb4 {[%emt 0:00:37]} 33. axb4 {[%emt 0:01:05]} Qe7 {[%emt 0:00:14]} 34. Nh4 {[%emt 0:01:41]} Bxb4 {[%emt 0:01:27]} 35. Nxg6 {[%emt 0:00:56]} hxg6 {[%emt 0:00:08]} 36. Bxe4 {[%emt 0:00:28]} Qxe4 {[%emt 0:01:20]} 37. Qxf6 {[%emt 0:00:09]} Bf8 {[%emt 0:00:06]} 38. Bf4 {[%emt 0:01:51]} b5 {[%emt 0:01:01]} 39. Qd4 {[%emt 0:02:19]} Qe6 {[%emt 0:00:48]} 40. g4 {[%emt 0:00:00]} b4 {[%emt 0:00:00]} 41. Rb1 {[%emt 0:02:43]} Ra8 {[%emt 0:01:47]} 42. Qe5 {[%emt 0:02:13]} Qa2 {[%emt 0:00:43]} 43. Qb2 {[%emt 0:03:07]} Qa5 {[%emt 0:00:54]} 44. Qb3+ {[%emt 0:03:18]} Kg7 {[%emt 0:00:21]} 45. Qe6 {[%emt 0:01:28]} Qa7 {[%emt 0:01:30]} 46. Be5+ {[%emt 0:00:13]} Kh6 {[%emt 0:00:26]} 47. g5+ {[%emt 0:00:36]} Kxg5 {[%emt 0:00:35]} 48. Qg4+ {[%emt 0:00:08]} Kh6 {[%emt 0:00:07]} 49. Qh4# {[%emt 0:09:20]} 1-0

[Event "Romanian-ch Women 2022"]
[Site "Eforie Nord"]
[Date "2022.02.21"]
[Round "2.12"]
[White "Coman, Emilia-Florentina"]
[Black "Bucur, Denisa-Andreea"]
[Result "1/2-1/2"]
[WhiteElo "1776"]
[BlackElo "2023"]
[Annotator "NA"]
[PlyCount "94"]
[EventDate "2022.02.20"]
[EventType "swiss"]
[EventCountry "ROU"]
[SourceTitle "playchess.com"]
[Source "ChessBase"]
[SourceQuality "1"]
[TimeControl "40/5400+30:900+30"]

1. d4 {[%emt 0:02:56]} Nf6 {[%emt 0:00:11]} 2. c4 {[%emt 0:00:17]} e6 {[%emt 0:00:10]} 3. g3 {[%emt 0:02:53]} c5 {[%emt 0:01:07]} 4. d5 {[%emt 0:01:07]} exd5 {[%emt 0:00:31]} 5. cxd5 {[%emt 0:00:07]} d6 {[%emt 0:00:14]} 6. Nc3 {[%emt 0:04:06]} g6 {[%emt 0:00:43]} 7. Bg2 {[%emt 0:03:23]} Bg7 {[%emt 0:00:41]} 8. Nf3 {[%emt 0:07:08]} O-O {[%emt 0:00:42]} 9. O-O {[%emt 0:01:12]} Re8 {[%emt 0:00:55]} 10. Nd2 {[%emt 0:04:04]} a6 {[%emt 0:00:42]} 11. a4 {[%emt 0:00:05]} Nbd7 $1 {[%emt 0:00:13]} 12. e4 {[%emt 0:10:10]} Rb8 {[%emt 0:02:14]} 13. a5 {[%emt 0:04:19]} Qc7 {[%emt 0:04:06]} 14. f4 {[%emt 0:07:20]} (14. Nc4 $14) 14... b5 {[%emt 0:03:37]} 15. axb6 $1 {[%emt 0:02:34]} Nxb6 {[%emt 0:03:28]} 16. Re1 {[%emt 0:09:46]} (16. h3 $11) 16... c4 {[%emt 0:12:17]} 17. Nf3 {[%emt 0:02:32]} Nfd7 {[%emt 0:07:30]} (17... Ng4 $15 18. Kf1 Nd7) 18. e5 {[%emt 0:08:55]} (18. Nd4 $1 $11) 18... Nc5 $11 {[%emt 0:04:40]} 19. exd6 {[%emt 0:03:32]} Rxe1+ {[%emt 0:00:09]} 20. Qxe1 {[%emt 0:00:08]} Qxd6 {[%emt 0:00:24]} 21. Qe8+ {[%emt 0:02:52]} Qf8 {[%emt 0:10:59]} 22. Qxf8+ {[%emt 0:06:58]} Kxf8 {[%emt 0:06:26]} 23. Ne5 {[%emt 0:06:59]} Nb3 {[%emt 0:06:38]} 24. Nc6 {[%emt 0:01:18]} Rb7 {[%emt 0:04:20]} 25. Rb1 {[%emt 0:04:07]} Bf5 {[%emt 0:00:52]} 26. Be4 {[%emt 0:01:43]} Bxe4 {[%emt 0:00:55]} 27. Nxe4 {[%emt 0:00:05]} Nxd5 {[%emt 0:00:39]} 28. Ne5 {[%emt 0:00:23]} Re7 {[%emt 0:09:30]} 29. Nc3 {[%emt 0:03:24]} Nxc3 {[%emt 0:03:40]} 30. bxc3 {[%emt 0:00:08]} Nxc1 {[%emt 0:00:04]} 31. Rxc1 {[%emt 0:00:05]} Bxe5 {[%emt 0:00:06]} 32. fxe5 {[%emt 0:00:04]} Rxe5 {[%emt 0:00:08]} 33. Ra1 {[%emt 0:00:37]} a5 {[%emt 0:04:16]} 34. Ra4 {[%emt 0:00:43]} Rc5 {[%emt 0:00:06]} 35. Kf2 {[%emt 0:00:12]} Ke7 {[%emt 0:00:47]} 36. Ke3 {[%emt 0:00:30]} Kd6 {[%emt 0:02:33]} 37. Kd4 {[%emt 0:00:43]} h5 {[%emt 0:01:07]} 38. Ra1 {[%emt 0:01:25]} h4 {[%emt 0:06:58]} 39. Ra2 {[%emt 0:00:36]} hxg3 {[%emt 0:01:02]} 40. hxg3 {[%emt 0:00:00]} Kc6 {[%emt 0:00:00]} 41. Rf2 {[%emt 0:02:31]} Rf5 {[%emt 0:05:17]} 42. Ra2 {[%emt 0:12:03]} Rg5 {[%emt 0:01:15]} 43. Kxc4 {[%emt 0:01:37]} Rg4+ {[%emt 0:00:05]} 44. Kb3 {[%emt 0:00:52]} a4+ {[%emt 0:00:48]} 45. Rxa4 {[%emt 0:00:37]} Rxg3 {[%emt 0:08:23]} 46. Ra6+ {[%emt 0:00:09]} Kd5 {[%emt 0:00:17]} 47. Rf6 {[%emt 0:00:08]} g5 {[%emt 0:03:28]} 1/2-1/2

[Event "Romanian-ch Women 2022"]
[Site "Eforie Nord"]
[Date "2022.02.22"]
[Round "3.1"]
[White "Bulmaga, Irina"]
[Black "Lehaci, Miruna-Daria"]
[Result "1-0"]
[WhiteElo "2390"]
[BlackElo "2125"]
[Annotator "TA"]
[PlyCount "65"]
[EventDate "2022.02.20"]
[EventType "swiss"]
[EventCountry "ROU"]
[SourceTitle "playchess.com"]
[Source "ChessBase"]
[SourceQuality "1"]

{[%evp 24,65,35,48,65,52,58,55,73,68,84,40,37,33,42,25,46,50,85,0,90,86,92,0,0,0,0,0,241,257,366,143,139,143,423,418,506,498,1663,1272,1737,1669,5194,2870]} 1. e4 c5 2. Nf3 d6 3. d4 cxd4 4. Nxd4 Nf6 5. Nc3 Nc6 6. Bg5 e6 7. Qd2 a6 8. O-O-O Bd7 9. f4 b5 10. Bxf6 gxf6 11. Kb1 Qb6 12. Nxc6 Bxc6 13. f5 b4 {B67: Sicilian: Richter-Rauzer: 7...a6 8 0-0-0 Bd7, lines without 9 f4 Be7.} 14. Ne2 e5 15. Ng3 h5 {White must now prevent ...h4. White is slightly better.} 16. h4 Qc5 {To avoid Bc4} 17. b3 (17. Be2 $6 Ke7 $11) (17. Qe2 $16) 17... Ke7 $14 18. Bc4 Bb5 19. Qe2 $1 {And now Rd5 would win.} Bxc4 20. bxc4 {Strongly threatening Rd5.} (20. Qxc4 Qxc4 21. bxc4 Rc8 $17) 20... Rc8 {[%cal Ba8c8,Bc8c5,Bc5a5][%mdl 32]} 21. Rd3 (21. Nxh5 $16 {Hoping for g4.} Bh6 22. Rd3 (22. Qd3 Rhg8 $15)) 21... Bh6 (21... Qxc4 $11 22. Rhd1 Kd7) 22. Nxh5 Qxc4 {[#]} 23. g4 $146 (23. Rhd1 $1 $16) ({Predecessor:} 23. Rhd1 a5 24. g4 a4 25. Qf2 Rhd8 26. Nxf6 Kxf6 27. g5+ Kg7 28. Re1 {½-½ (28) Ottesen,S (2380)-Helmer,J (2374) FICGS email 2007}) 23... Rc5 $1 $11 24. Qd1 Ra5 {[%csl Ga5][%cal Rc4a2]} (24... Qxe4 $2 25. Re1 (25. Rxd6 Qxc2+ 26. Qxc2 Rxc2 $16) 25... Qc6 26. Nxf6 $1 $18) 25. Rb3 {[%cal Oh5f6] aiming for Nxf6!} Qxe4 $2 (25... Be3 $11 {and Black is okay.}) 26. g5 $1 $18 fxg5 {[#]} (26... Rd5 $142 27. Rd3 Rxd3 28. cxd3 Qd5) 27. f6+ $2 {Chess con chili.} (27. Ng3 $1 $18 {[%cal Rg3e4] and the rest is easy.} Qd5 28. f6+ Kd7 29. Qg4+ Qe6 30. Qxe6+ Kxe6 31. hxg5) 27... Kd7 $16 28. Ng3 Qd5 {[%mdl 8192] [#] Loses the game.} (28... Qf4 $2 29. hxg5 Qd4 30. Qf3 $18 (30. gxh6 Qxd1+ 31. Rxd1 Rxh6 $18)) (28... Qd4 $16 29. Qh5 Qc4) 29. Qg4+ $1 $18 Kc7 30. hxg5 {White is clearly winning.} ({Inferior is} 30. Qxb4 Rb5 31. Qa4 (31. Qc3+ $2 Kd7 $19) 31... Rhb8 32. hxg5 Bxg5 $17) 30... Bg7 (30... Rg8 $142 31. Rxh6 Qd4 32. Qxd4 exd4) 31. Rd1 ({Weaker is} 31. Rxh8 Bxh8 32. Nf5 (32. Qxb4 Rb5 $18) 32... e4 $18) 31... Qc6 32. fxg7 Rh2 33. Qe4 {Weighted Error Value: White=0.22 (precise) /Black=0.56} 1-0

[Event "Romanian-ch Women 2022"]
[Site "Eforie Nord"]
[Date "2022.02.22"]
[Round "3.2"]
[White "Pitigoi, Sabina-Andreea"]
[Black "Sandu, Mihaela"]
[Result "0-1"]
[WhiteElo "1766"]
[BlackElo "2269"]
[Annotator "TA"]
[PlyCount "80"]
[EventDate "2022.02.20"]
[EventType "swiss"]
[EventCountry "ROU"]
[SourceTitle "playchess.com"]
[Source "ChessBase"]
[SourceQuality "1"]

{[%evp 9,80,-19,-16,-18,0,-77,-49,-46,-45,-58,-47,-47,-43,-73,-19,-81,0,0,1,-4,-6,-3,0,-92,-95,-92,-84,-91,-74,-81,-73,-95,-73,-79,-91,-83,-52,-56,-40,-58,-11,-32,-10,-13,-5,-7,-17,-110,0,0,0,-27,0,0,0,0,876,850,775,488,29989,29990,29990,-722,-660,-1122,-1003,-29979,-29973,-29969,-29970,-5010,-1557]} 1. d4 g6 2. g3 Bg7 3. c4 c5 4. Nf3 cxd4 5. Nxd4 Nc6 6. e3 {A30: Symmetrical English: Double Fianchetto and Hedgehog.} Qb6 {[%cal Rc6d4]} 7. Nxc6 (7. Nc3 $11) 7... bxc6 {[#]} 8. Qb3 $146 {Black is slightly better.} ({Predecessor:} 8. Qc2 Rb8 9. Nc3 h5 10. h4 Nh6 11. Rb1 O-O 12. Na4 Qc7 13. e4 c5 14. Nc3 {0-1 (45) Danjec,V-Kalcic,K (2238) Serbia 2012}) 8... Nf6 9. Nc3 O-O 10. Bg2 Ba6 11. Na4 {Inhibits Qc5.} Qc7 (11... Qa5+ $17 12. Bd2 Qf5) 12. Bd2 (12. Qc2 $1 $11 {remains equal.}) 12... Rab8 (12... d5 $1 $17 13. cxd5 cxd5) 13. Qc2 $11 c5 14. e4 d6 15. O-O Ng4 $36 {[%mdl 2048] Black has the initiative.} 16. Bf4 (16. Rae1 $11) 16... Rb4 $17 {Black is more active.} 17. b3 Bxa1 18. Rxa1 Rbb8 19. Nc3 Bb7 20. Rd1 Ne5 21. Nd5 Bxd5 22. exd5 Rfd8 23. h3 Qc8 24. Re1 f6 (24... a5 $15 {might be stronger.}) 25. g4 Kg7 26. Bc1 g5 27. Be4 Rh8 {aiming for ...h5.} 28. Kg2 (28. f4 $11 gxf4 29. Bxf4) 28... Rb7 ({Better is} 28... h5 $17 29. Bf5 Qg8 30. gxh5 Rxh5) 29. Bf5 $11 Qc7 30. Qd2 h5 {Hoping for ...hxg4.} 31. f4 gxf4 32. Qxf4 {Strongly threatening gxh5.} hxg4 {[%mdl 8192] [#]} (32... Qa5 $11 33. Re2 hxg4 34. Bxg4 Qc3) 33. Rxe5 $1 $18 {[%mdl 512]} gxh3+ 34. Kh1 {White threatens Qg4+ and mate.} dxe5 (34... fxe5 $18 35. Qg5+ Kf8) 35. Qg4+ Kf8 {[#]} 36. Be6 $4 {[%mdl 8192]} (36. Bh6+ $1 {[%mdl 512] was the only winning move.} Ke8 37. Qg7 e6 38. Qxh8+ Kd7 39. Bxe6+ Kd6 40. Qf8+ Qe7 41. Qc8) 36... Qa5 $19 37. Bh6+ Ke8 38. Qxh3 Qe1+ 39. Kh2 Qf2+ 40. Kh1 Kd8 {Quite a comeback for Black.  Weighted Error Value: White=0.73/Black=0.35} 0-1